Vista normal
Vista MARC
Entrada Nombre personal
Número de registros utilizados en: 39
001 - NÚMERO DE CONTROL
- campo de control: 747
003 - IDENTIFICADOR DEL NÚMERO DE CONTROL
- campo de control: BNPHU
005 - FECHA Y HORA DE LA ÚLTIMA TRANSACCIÓN
- campo de control: 20240304185509.0
008 - DATOS DE LONGITUD FIJA
- campo de control de longitud fija: 200615|| aca||aabn | a|a d
010 ## - NÚMERO DE CONTROL DE LA BIBLIOTECA DEL CONGRESO
- Número de control de LC: n 84173088
040 ## - FUENTE DE LA CATALOGACIÓN
- Centro catalogador/agencia de origen: DO-SdBNP
- Lengua de catalogación: spa
- Centro/agencia transcriptor: BNPHU
- Normas de descripción: rda
100 1# - ENCABEZAMIENTO-NOMBRE DE PERSONA
- Nombre de persona: Silié Gatón, José A.,
- Fechas asociadas al nombre: 1920-2014
370 ## - LUGAR ASOCIADO
- Lugar de nacimiento: Santo Domingo, República Dominicana
374 ## - OCUPACIÓN
- Ocupación: Abogado
- Ocupación: Profesor universitario
375 ## - GÉNERO/SEXO
- Género/Sexo: Masculino
377 ## - LENGUA/LENGUAJE ASOCIADO
- Código del idioma: spa
- Término de lengua/lenguaje: Español
400 1# - TRAZADO DE VÉASE--NOMBRE DE PERSONA
- Nombre de persona: Gatón, José A. Silié
670 ## - FUENTE DE DATOS ENCONTRADOS
- Cita de la fuente: Silié Gatón, José A., Ética del docente universitario /, 2003.
670 ## - FUENTE DE DATOS ENCONTRADOS
- Cita de la fuente: Alvarez Dugan, M. La moral en el ejercicio de la función pública, 1983
